Normal view
MARC view
- Douglis, Carole
Entry Personal Name
001 - CONTROL NUMBER
- control field: 38320
003 - CONTROL NUMBER IDENTIFIER
- control field: NUST
005 - DATE AND TIME OF LATEST TRANSACTION
- control field: 20210314130651.0
008 - FIXED-LENGTH DATA ELEMENTS
- fixed length control field: 210314|| aca||aabn | a|a d
040 ## - CATALOGING SOURCE
- Original cataloging agency: NUST
- Transcribing agency: NUST
100 ## - HEADING--PERSONAL NAME
- Personal name: Douglis, Carole
670 ## - SOURCE DATA FOUND
- Source citation: Work cat.: (NUST): Lowe, Marcia D. 38318, Back on track :, c1994.
